Cary Grant Films by Year - Statistics

General Stats
  • This quiz has been taken 35 times
  • The average score is 28 of 72
Answer Stats
Hint Answer % Correct
1955 To Catch a Thief
100%
1963 Charade
95%
1959 North by Northwest
95%
1941 The Philadelphia Story
90%
1944 Arsenic and Old Lace
85%
1938 Bringing Up Baby
85%
1941 Suspicion
85%
1946 Notorious
80%
1941 Penny Serenade
80%
1939 Gunga Din
75%
1952 Monkey Business
75%
1937 The Awful Truth
75%
1947 The Bishop's Wife
75%
1957 An Affair to Remember
70%
1944 Destination Tokyo
70%
1940 My Favourite Wife
70%
1952 Room For One More
70%
1964 Father Goose
65%
1940 His Girl Friday
65%
1938 Holiday
65%
1958 Houseboat
65%
1959 Operation Petticoat
65%
1957 The Pride and the Passion
65%
1958 Indiscreet
60%
1962 That Touch of Mink
50%
1951 People Will Talk
45%
1949 I Was a Male Warbride
40%
1948 Mr. Blandings Builds His Dream House
40%
1942 Once Upon a Honeymoon
40%
1946 Night and Day
35%
1947 The Bachelor and the Bobby-Soxer
35%
1966 Walk, Don't Run
30%
1932 Blonde Venus
25%
1939 Only Angels Have Wings
25%
1933 Alice in Wonderland
20%
1936 Big Brown Eyes
20%
1950 Crisis
20%
1932 Hot Saturday
20%
1944 Once Upon a Time
20%
1936 Suzy
20%
1936 Sylvia Scarlett
20%
1935 The Last Outpost
20%
1937 Topper
20%
1934 Born to be Bad
15%
1932 Devil and the Deep
15%
1953 Dream Wife
15%
1935 Enter Madame!
15%
1948 Every Girl Should Be Married
15%
1933 Gambling Ship
15%
1933 I'm No Angel
15%
1939 In Name Only
15%
1934 Kiss and Make Up
15%
1957 Kiss Them For Me
15%
1934 Ladies Should Listen
15%
1932 Madame Butterfly
15%
1932 Merrily We Go to Hell
15%
1943 Mr. Lucky
15%
1944 None But the Lonely Heart
15%
1933 She Done Him Wrong
15%
1932 Sinners in the Sun
15%
1937 The Amazing Adventure
15%
1933 The Eagle and the Hawk
15%
1961 The Grass is Greener
15%
1940 The Howards of Virginia
15%
1942 The Talk of the Town
15%
1933 The Woman Accused
15%
1934 Thirty-Day Princess
15%
1932 This is the Night
15%
1937 Toast of New York
15%
1936 Wedding Present
15%
1937 When You're in Love
15%
1935 Wings in the Dark
15%
No matching quizzes found
Score Distribution
Percent of People with Each Score
Percentile by Number Answered
Your Score History
You have not taken this quiz